Οικονομική και σεξουαλική απελευθέρωση της γυναίκας

Αποθηκεύτηκε σε:
Λεπτομέρειες βιβλιογραφικής εγγραφής
Κύριος συγγραφέας: Kollontai, A. (Aleksandra), 1872-1952
Μορφή: Βιβλίο
Γλώσσα:Greek
Russian
Δημοσίευση: Αθήνα : Πύλη, 1982.
Έκδοση:5η έκδ.
Θέματα:
Ετικέτες: Προσθήκη ετικέτας
Δεν υπάρχουν, Καταχωρήστε ετικέτα πρώτοι!

MARC

LEADER 00000cam a2200000 a 4500
001 1/118255
008 190318s1982####gr | ||| |||| ||gre||
040 |a GR-MyUa  |b gre  |c GR-MyUa  |e AACR2 
041 1 |a gre  |h rus 
082 7 |a 305.42   |2 (23) 
100 1 |a Kollontai, A.   |q (Aleksandra),   |d 1872-1952. 
245 1 0 |a Οικονομική και σεξουαλική απελευθέρωση της γυναίκας /   |c Αλεξάνδρα Κολλοντάι ; μετάφραση Μαρίνα Λώμη.  
250 |a 5η έκδ. 
260 |a Αθήνα :   |b Πύλη,   |c 1982. 
300 |a 232 σ. ;   |c 21 εκ. 
650 0 |a Women  |x Social conditions. 
650 0 |a Women  |x Economic conditions. 
650 0 |a Women and socialism. 
852 |a INST  |b SYROS  |e 20190318  |h 305.42 KOL  |p 005500013736  |q 005500013736  |t BK  |y 0 
970 |a Κοντού  |b Παρασκευή  |z 18/03/2019